[Event "Calvia Amateur op 19th"]
[Site "Calvia"]
[Date "2022.10.14"]
[Round "7"]
[White "Andreu Lopez, Santiago"]
[Black "Planas Gene, Juan"]
[Result "0-1"]
[WhiteElo "1859"]
[BlackElo "2007"]
[PlyCount "42"]
[EventDate "2022.10.08"]
[EventType "swiss"]
[EventRounds "9"]
[EventCountry "ESP"]
[SourceTitle "CBM 210 Extra"]
[Source "ChessBase"]
[SourceDate "2022.11.30"]
[SourceVersion "1"]
[SourceVersionDate "2022.11.30"]
[SourceQuality "1"]

1. e4 e5 2. Nf3 Nc6 3. Bb5 a6 4. Ba4 f5 5. d4 exd4 6. 0-0 fxe4 7. Nxd4 Nf6 8. Nc3 Nxd4 9. Qxd4 c5 10. Qe5+ Qe7 11. Qxe7+ Bxe7 12. Bb3 b5 13. Bd5 Nxd5 14. Nxd5 Bd6 15. Be3 Bb7 16. Rad1 Be5 17. Bxc5 Rc8 18. Bd4 Bxd4 19. Rxd4 Bxd5 20. Rxd5 Rxc2 21. Rb1 0-0 0-1

[Event "Baleares-chT"]
[Site "Palma de Mallorca"]
[Date "2022.01.29"]
[Round "2.4"]
[White "Moll Gener, Joan"]
[Black "Planas Gene, Juan"]
[Result "0-1"]
[WhiteElo "1933"]
[BlackElo "2028"]
[PlyCount "56"]
[EventDate "2022.01.22"]
[EventType "team-tourn"]
[EventRounds "7"]
[EventCountry "ESP"]
[SourceTitle "EXT 2023"]
[Source "ChessBase"]
[SourceDate "2022.10.05"]
[SourceVersion "1"]
[SourceVersionDate "2022.10.05"]
[SourceQuality "1"]
[WhiteTeam "Cercle Artistic de Ciutadella"]
[BlackTeam "Son Dameto"]
[WhiteTeamCountry "ESP"]
[BlackTeamCountry "ESP"]

1. e4 e5 2. Nf3 Nf6 3. d4 Nxe4 4. Bd3 d5 5. Nxe5 Nd7 6. Nxd7 Bxd7 7. 0-0 Bd6 8. c4 c6 9. Qf3 0-0 10. Bf4 Qf6 11. Bxd6 Qxf3 12. gxf3 Nxd6 13. c5 Bf5 14. Rd1 Bxd3 15. Rxd3 Nf5 16. Nc3 Rfe8 17. b4 Re6 18. b5 Rae8 19. a4 Re1+ 20. Rxe1 Rxe1+ 21. Kg2 Ra1 22. a5 Rxa5 23. bxc6 bxc6 24. Nxd5 cxd5 25. c6 Nd6 26. c7 Kf8 27. Rb3 Ke7 28. Rb7 Kd7 0-1

[Event "Baleares-chT"]
[Site "Palma de Mallorca"]
[Date "2022.01.22"]
[Round "1.4"]
[White "Planas Gene, Juan"]
[Black "Gutierrez Coll, Juan Luis"]
[Result "1-0"]
[WhiteElo "2028"]
[BlackElo "2066"]
[PlyCount "75"]
[EventDate "2022.01.22"]
[EventType "team-tourn"]
[EventRounds "7"]
[EventCountry "ESP"]
[SourceTitle "EXT 2023"]
[Source "ChessBase"]
[SourceDate "2022.10.05"]
[SourceVersion "1"]
[SourceVersionDate "2022.10.05"]
[SourceQuality "1"]
[WhiteTeam "Son Dameto"]
[BlackTeam "Puig den Valls"]
[WhiteTeamCountry "ESP"]
[BlackTeamCountry "ESP"]

1. d4 d5 2. c4 c6 3. Nf3 Nf6 4. Nc3 e6 5. Bg5 h6 6. Bxf6 Qxf6 7. e3 Nd7 8. Bd3 dxc4 9. Bxc4 g6 10. 0-0 Bg7 11. e4 e5 12. d5 Nb6 13. Be2 0-0 14. a4 Rd8 15. a5 Nd7 16. Qc2 Nf8 17. Rfd1 Bg4 18. a6 b6 19. dxc6 Bxf3 20. Rxd8 Rxd8 21. Nd5 Qd6 22. Bxf3 Ne6 23. Qd3 Nd4 24. c7 Rc8 25. Qa3 Bf8 26. Qxd6 Bxd6 27. Rc1 Kf8 28. Bd1 b5 29. h4 h5 30. g4 hxg4 31. Bxg4 f5 32. exf5 gxf5 33. Bh5 e4 34. Kf1 Be5 35. Bg6 Kg7 36. h5 Kh6 37. Be8 Bxc7 38. Bd7 1-0

[Event "ESP-ch Seniors 65"]
[Site "Altea"]
[Date "2021.11.05"]
[Round "7"]
[White "Ponce Navalon, Jose"]
[Black "Planas Gene, Juan"]
[Result "1/2-1/2"]
[WhiteElo "2121"]
[BlackElo "2022"]
[PlyCount "312"]
[EventDate "2021.10.31"]
[EventType "swiss"]
[EventRounds "9"]
[EventCountry "ESP"]
[SourceTitle "CBM 205 Extra"]
[Source "ChessBase"]
[SourceDate "2022.01.31"]
[SourceVersion "1"]
[SourceVersionDate "2022.01.31"]
[SourceQuality "1"]

1. e4 e5 2. Nf3 Nf6 3. d4 Nxe4 4. Bd3 d5 5. Nxe5 Nd7 6. 0-0 Bd6 7. f3 Nxe5 8. fxe4 Nxd3 9. Qxd3 dxe4 10. Qxe4+ Qe7 11. Qxe7+ Bxe7 12. Bf4 Be6 13. Nd2 0-0-0 14. Nf3 h6 15. Be5 f6 16. Bg3 Bd6 17. Bxd6 Rxd6 18. Rae1 Kd7 19. b3 Bg4 20. c3 Bxf3 21. Rxf3 Re8 22. Rxe8 Kxe8 23. Rd3 Re6 24. Kf2 Kd7 25. c4 c6 26. Kf3 Kd6 27. d5 cxd5 28. Rxd5+ Kc7 29. h4 Ra6 30. Rd2 h5 31. Ke4 g6 32. a4 Re6+ 33. Kf4 Rd6 34. Rf2 a5 35. Ke4 Kc6 36. Rf3 Kc5 37. Rg3 Rd4+ 38. Ke3 Rg4 39. Rxg4 hxg4 40. Kf4 Kb4 41. Kxg4 Kxb3 42. Kf4 g5+ 43. hxg5 fxg5+ 44. Kxg5 Kxa4 45. Kf5 Kb4 46. g4 a4 47. g5 a3 48. g6 a2 49. g7 a1Q 50. g8Q Qf1+ 51. Ke5 Qxc4 52. Qg2 Qc5+ 53. Kf4 Qd4+ 54. Kf5 b5 55. Ke6 Qc4+ 56. Ke7 Kb3 57. Qf3+ Kb2 58. Qf2+ Ka3 59. Qa7+ Qa4 60. Qe3+ Qb3 61. Qa7+ Kb2 62. Qf2+ Qc2 63. Qf6+ Ka3 64. Qf3+ Ka4 65. Qa8+ Kb4 66. Qf3 Qc5+ 67. Ke6 Qc8+ 68. Ke7 Qc7+ 69. Ke6 Qc3 70. Qb7 Qc4+ 71. Ke7 Ka4 72. Qd7 Kb3 73. Qd1+ Kc3 74. Qc1+ Kd4 75. Qd2+ Qd3 76. Qb4+ Qc4 77. Qd2+ Ke4 78. Qg2+ Ke3 79. Qg5+ Kd3 80. Qg3+ Kc2 81. Qf2+ Kb3 82. Qf3+ Kb4 83. Qg2 Qc7+ 84. Ke6 Qc3 85. Ke7 Ka3 86. Qa8+ Kb3 87. Qd5+ Kb4 88. Qe4+ Kc5 89. Qf5+ Kb6 90. Qe6+ Qc6 91. Qe1 Qc5+ 92. Kf7 b4 93. Qe6+ Ka5 94. Qe1 Qc3 95. Qe8 Qc4+ 96. Kg7 Qd4+ 97. Kh7 b3 98. Qe1+ Ka4 99. Qe8+ Ka3 100. Qa8+ Kb2 101. Qg2+ Kb1 102. Qf1+ Kc2 103. Qg2+ Qd2 104. Qc6+ Kb1 105. Kg7 Qd4+ 106. Kf8 Qf4+ 107. Kg8 b2 108. Qg6+ Kc1 109. Qc6+ Kd2 110. Qd7+ Kc3 111. Qg7+ Kb3 112. Qb7+ Kc3 113. Qg7+ Qd4 114. Qg3+ Qd3 115. Qg7+ Kb3 116. Qb7+ Kc2 117. Qc6+ Kb1 118. Qh1+ Ka2 119. Qa8+ Qa3 120. Qg2 Ka1 121. Qg7 Qa4 122. Qf6 Ka2 123. Qf2 Ka3 124. Qc5+ Qb4 125. Qa7+ Kb3 126. Qe3+ Qc3 127. Qb6+ Kc2 128. Qg6+ Qd3 129. Qc6+ Kd2 130. Qh6+ Qe3 131. Qh2+ Kc1 132. Qc7+ Kb1 133. Qc4 Qc1 134. Qd3+ Qc2 135. Qf1+ Ka2 136. Qa6+ Kb3 137. Qb5+ Ka3 138. Qa6+ Qa4 139. Qd6+ Ka2 140. Qd2 Ka1 141. Qc3 Qe8+ 142. Kg7 Qe7+ 143. Kg8 Qg5+ 144. Kf8 Qd5 145. Qa3+ Kb1 146. Qe3 Ka2 147. Qa7+ Kb3 148. Qb6+ Kc3 149. Qe3+ Qd3 150. Qe5+ Kb3 151. Qe6+ Kb4 152. Qb6+ Qb5 153. Qd4+ Ka5 154. Qa7+ Kb4 155. Qd4+ Ka3 156. Qa7+ Qa4 1/2-1/2

[Event "Mallorca-chT Preferente"]
[Site "Palma de Mallorca"]
[Date "2020.02.29"]
[Round "5.5"]
[White "Planas Gene, Juan"]
[Black "Garcia Perez, Pedro"]
[Result "1-0"]
[WhiteElo "2032"]
[BlackElo "1838"]
[PlyCount "73"]
[EventDate "2020.02.01"]
[EventType "team-tourn"]
[EventRounds "9"]
[EventCountry "ESP"]
[SourceTitle "CBM 195 Extra"]
[Source "ChessBase"]
[SourceDate "2020.05.31"]
[SourceVersion "1"]
[SourceVersionDate "2020.05.31"]
[SourceQuality "1"]
[WhiteTeam "Son Dameto"]
[BlackTeam "Tropic"]
[WhiteTeamCountry "ESP"]
[BlackTeamCountry "ESP"]

1. d4 f5 2. c4 Nf6 3. Nf3 e6 4. g3 Bb4+ 5. Nbd2 b6 6. Bg2 Bb7 7. 0-0 0-0 8. a3 Be7 9. b4 d5 10. Bb2 Nbd7 11. Ng5 Re8 12. Nxe6 Qc8 13. cxd5 Nxd5 14. Qb3 N7f6 15. Nf4 Qd7 16. Nc4 c6 17. Ne5 Qd6 18. Rac1 Rac8 19. Rc2 g5 20. Nfd3 Rc7 21. Rfc1 Rec8 22. Nc4 Qe6 23. Ne3 Bd6 24. Ne5 c5 25. bxc5 bxc5 26. N3c4 Nb6 27. Bxb7 Rxb7 28. Qf3 Ne4 29. Nxd6 Nxd6 30. dxc5 Rbc7 31. cxb6 Rxc2 32. Rxc2 Rxc2 33. bxa7 Rxb2 34. a8Q+ Kg7 35. Qa7+ Kf6 36. Nd7+ Kg6 37. Nf8+ 1-0

[Event "Mallorca-chT Preferente"]
[Site "Palma de Mallorca"]
[Date "2020.02.22"]
[Round "4.5"]
[White "Fullana Benito, David"]
[Black "Planas Gene, Juan"]
[Result "0-1"]
[WhiteElo "1800"]
[BlackElo "2032"]
[PlyCount "98"]
[EventDate "2020.02.01"]
[EventType "team-tourn"]
[EventRounds "9"]
[EventCountry "ESP"]
[SourceTitle "CBM 195 Extra"]
[Source "ChessBase"]
[SourceDate "2020.05.31"]
[SourceVersion "1"]
[SourceVersionDate "2020.05.31"]
[SourceQuality "1"]
[WhiteTeam "Vuit Peons"]
[BlackTeam "Son Dameto"]
[WhiteTeamCountry "ESP"]
[BlackTeamCountry "ESP"]

1. d4 Nf6 2. c4 c5 3. d5 b5 4. b3 g6 5. Bb2 Bg7 6. e4 0-0 7. Bd3 d6 8. Nd2 Nbd7 9. Ngf3 Nb6 10. 0-0 bxc4 11. Nxc4 Nxc4 12. bxc4 Bg4 13. h3 Bxf3 14. Qxf3 Nd7 15. Bxg7 Kxg7 16. Qe3 Qa5 17. f4 Qc3 18. Rae1 f6 19. Re2 Rab8 20. Rc1 Qa3 21. Bc2 Qxa2 22. e5 fxe5 23. Bf5 Qa4 24. Bxd7 Qxd7 25. fxe5 Rf5 26. e6 Qb7 27. Qc3+ Kg8 28. Ra2 Qb4 29. Rxa7 Qxc3 30. Rxc3 Re8 31. Rca3 Kg7 32. Rf3 Rxf3 33. gxf3 Kf6 34. Kf2 Rb8 35. Ra1 Rb4 36. Rc1 Ke5 37. Re1+ Kd4 38. Re4+ Kd3 39. Rf4 g5 40. Rf7 Rb7 41. f4 Kxc4 42. fxg5 Kxd5 43. Rxh7 Kxe6 44. Rh8 Kf5 45. h4 d5 46. Rf8+ Kg6 47. Rg8+ Kf7 48. Rc8 c4 49. Kf3 e5 0-1

[Event "Mallorca-chT Preferente"]
[Site "Palma de Mallorca"]
[Date "2020.02.15"]
[Round "3.6"]
[White "Castro Loppi, Nicolas"]
[Black "Planas Gene, Juan"]
[Result "0-1"]
[WhiteElo "1868"]
[BlackElo "2032"]
[PlyCount "54"]
[EventDate "2020.02.01"]
[EventType "team-tourn"]
[EventRounds "9"]
[EventCountry "ESP"]
[SourceTitle "CBM 195 Extra"]
[Source "ChessBase"]
[SourceDate "2020.05.31"]
[SourceVersion "1"]
[SourceVersionDate "2020.05.31"]
[SourceQuality "1"]
[WhiteTeam "Balanguera"]
[BlackTeam "Son Dameto"]
[WhiteTeamCountry "ESP"]
[BlackTeamCountry "ESP"]

1. d4 Nf6 2. Bg5 g6 3. e3 Bg7 4. Bd3 0-0 5. h4 c6 6. c3 d5 7. Nf3 Bg4 8. Nbd2 Nbd7 9. Qc2 Nh5 10. Nh2 Ndf6 11. Ndf3 Bxf3 12. Nxf3 Ng4 13. Nh2 Nxh2 14. Rxh2 Qd6 15. Rh3 f5 16. Be2 h6 17. Bxh5 hxg5 18. Be2 g4 19. Rh1 e5 20. g3 exd4 21. exd4 Rae8 22. Qd3 Qe6 23. Kd1 Re7 24. Rc1 Rfe8 25. Rc2 Bh6 26. Rh2 Qf6 27. c4 Re4 0-1

[Event "Mallorca-chT Preferente"]
[Site "Palma de Mallorca"]
[Date "2020.02.01"]
[Round "1.4"]
[White "Mascaro Pastor, Miguel"]
[Black "Planas Gene, Juan"]
[Result "0-1"]
[WhiteElo "1745"]
[BlackElo "2032"]
[PlyCount "76"]
[EventDate "2020.02.01"]
[EventType "team-tourn"]
[EventRounds "9"]
[EventCountry "ESP"]
[SourceTitle "CBM 195 Extra"]
[Source "ChessBase"]
[SourceDate "2020.05.31"]
[SourceVersion "1"]
[SourceVersionDate "2020.05.31"]
[SourceQuality "1"]
[WhiteTeam "Maria Salut"]
[BlackTeam "Son Dameto"]
[WhiteTeamCountry "ESP"]
[BlackTeamCountry "ESP"]

1. d4 Nf6 2. Nf3 g6 3. g3 Bg7 4. Bg2 0-0 5. 0-0 d6 6. c4 c6 7. Nc3 Nbd7 8. b3 e5 9. e3 Re8 10. Ba3 e4 11. Nd2 Qa5 12. Bb2 d5 13. a3 Nf8 14. b4 Qd8 15. Qb3 Ne6 16. Rae1 Ng5 17. f3 exf3 18. Nxf3 dxc4 19. Qxc4 Be6 20. Qe2 Nh3+ 21. Kh1 Bg4 22. Qd2 Bh6 23. Ne5 Rxe5 24. Rxf6 Qxf6 25. dxe5 Qf2 26. Ne4 Qxd2 27. Nxd2 Nf2+ 28. Kg1 Nd3 29. Ne4 Nxe1 30. Nf6+ Kf8 31. Nxg4 Nxg2 32. Nxh6 Nxe3 33. Bd4 Nc2 34. Bb2 Rd8 35. Ng4 Rd1+ 36. Kf2 Nxb4 37. Ke2 Rb1 38. Bd4 Nd5 0-1

[Event "Mallorca-ch"]
[Site "Mallorca"]
[Date "2019.04.27"]
[Round "3.4"]
[White "Planas Gene, Juan"]
[Black "Vicens Company, Maria Antonia"]
[Result "1-0"]
[WhiteElo "2014"]
[BlackElo "1855"]
[PlyCount "79"]
[EventDate "2019.04.26"]
[EventType "swiss"]
[EventRounds "5"]
[EventCountry "ESP"]
[SourceTitle "EXT 2024"]
[Source "ChessBase"]
[SourceDate "2023.10.10"]
[SourceVersion "1"]
[SourceVersionDate "2023.10.10"]
[SourceQuality "1"]

1. d4 Nf6 2. c4 d5 3. cxd5 Nxd5 4. e4 Nb6 5. Nf3 g6 6. Be2 Bg7 7. 0-0 0-0 8. Nc3 Bg4 9. Be3 Nc6 10. d5 Ne5 11. Nxe5 Bxe2 12. Nxf7 Bxd1 13. Nxd8 Rfxd8 14. Bxb6 Bg4 15. Bxc7 Rdc8 16. Ba5 Kf7 17. Rac1 b6 18. Bb4 Rc4 19. Ba3 Rac8 20. f3 Bd7 21. Ne2 Rc2 22. Nc3 Bxc3 23. bxc3 Rxa2 24. Ra1 Rxa1 25. Rxa1 Rxc3 26. Bb2 Rc7 27. e5 Bb5 28. e6+ Kf8 29. Be5 Rc5 30. Rxa7 Rxd5 31. Ra8+ Be8 32. f4 b5 33. Rb8 Rc5 34. g4 Rc6 35. f5 gxf5 36. gxf5 Rc5 37. Bf4 Kg7 38. Rxe8 Rxf5 39. Rxe7+ Kg8 40. Bh6 1-0

[Event "Calvia Amateur op 15th"]
[Site "Calvia"]
[Date "2018.10.09"]
[Round "4"]
[White "Gavrish, Leonid"]
[Black "Planas Gene, Juan"]
[Result "1-0"]
[WhiteElo "2167"]
[BlackElo "2007"]
[PlyCount "83"]
[EventDate "2018.10.06"]
[EventType "swiss"]
[EventRounds "9"]
[EventCountry "ESP"]
[SourceTitle "CBM 186 Extra"]
[Source "ChessBase"]
[SourceDate "2018.08.24"]
[SourceVersion "1"]
[SourceVersionDate "2018.08.24"]
[SourceQuality "1"]

1. d4 d5 2. c4 e6 3. Nc3 Nf6 4. cxd5 exd5 5. Bg5 Be7 6. e3 0-0 7. Bd3 c6 8. Qc2 Nbd7 9. Nf3 Re8 10. 0-0 Ne4 11. Bxe4 Bxg5 12. Bxh7+ Kh8 13. Bd3 Nf8 14. b4 Bf6 15. h3 g6 16. b5 cxb5 17. Bxb5 Re7 18. Qb3 Be6 19. Rac1 Rc7 20. Ne2 Rac8 21. Rxc7 Rxc7 22. Nf4 Kg7 23. Be2 Qd6 24. Nh2 Nd7 25. Nxe6+ fxe6 26. Ng4 Nb6 27. Bd3 Nc4 28. Bxc4 dxc4 29. Qc3 b5 30. Rb1 Qd5 31. Nxf6 Kxf6 32. e4 Qxe4 33. Rxb5 Qd3 34. Qb4 Kf7 35. Qd6 Re7 36. Qf4+ Kg7 37. Qg5 Kf7 38. Qh4 c3 39. Qh7+ Kf6 40. Qh8+ Kf7 41. Rb8 e5 42. d5 1-0

[Event "Seville op 43rd"]
[Site "Seville"]
[Date "2018.01.13"]
[Round "2"]
[White "Planas Gene, Juan"]
[Black "Ulybin, Mikhail"]
[Result "0-1"]
[WhiteElo "2019"]
[BlackElo "2519"]
[PlyCount "46"]
[EventDate "2018.01.12"]
[EventType "swiss"]
[EventRounds "9"]
[EventCountry "ESP"]
[SourceTitle "CBM 182 Extra"]
[Source "ChessBase"]
[SourceDate "2018.02.23"]
[SourceVersion "1"]
[SourceVersionDate "2018.02.23"]
[SourceQuality "1"]

1. d4 e6 2. c4 f5 3. Nf3 Nf6 4. Nc3 Bb4 5. Bd2 0-0 6. g3 d5 7. b3 c5 8. a3 Bxc3 9. Bxc3 Ne4 10. Qc2 Nxc3 11. Qxc3 cxd4 12. Qxd4 Nc6 13. Qd2 Qf6 14. Rc1 dxc4 15. Rxc4 e5 16. Qb2 Be6 17. Rc1 Rac8 18. Bg2 e4 19. Qxf6 gxf6 20. Nh4 Nd4 21. Rxc8 Rxc8 22. Kd2 f4 23. Bxe4 Nxb3+ 0-1

[Event "Mallorca-ch Preferente"]
[Site "Palma"]
[Date "2017.12.10"]
[Round "4.5"]
[White "Planas Gene, Juan"]
[Black "Lazarte Anello, David Emiliano"]
[Result "0-1"]
[WhiteElo "2045"]
[BlackElo "2115"]
[PlyCount "94"]
[EventDate "2017.12.02"]
[EventType "swiss"]
[EventRounds "6"]
[EventCountry "ESP"]
[SourceTitle "EXT 2024"]
[Source "ChessBase"]
[SourceDate "2023.10.10"]
[SourceVersion "1"]
[SourceVersionDate "2023.10.10"]
[SourceQuality "1"]

1. d4 Nf6 2. Bf4 g6 3. e3 Bg7 4. Nf3 c5 5. c3 b6 6. Nbd2 0-0 7. h3 d6 8. Qc2 Nc6 9. Bd3 Bb7 10. 0-0 Rc8 11. a3 a6 12. Rfe1 b5 13. Qd1 Qb6 14. Qe2 Rfe8 15. Bg5 e5 16. Bxf6 Bxf6 17. Ne4 Be7 18. dxe5 dxe5 19. Ng3 Bf8 20. e4 c4 21. Bc2 Nd8 22. Nf1 f6 23. Rad1 Ne6 24. g3 Red8 25. Rxd8 Rxd8 26. Rd1 Nc5 27. Rxd8 Qxd8 28. N3d2 Qd7 29. Qg4 Qd8 30. Qe2 h5 31. Ne3 Qd7 32. h4 Bh6 33. Kh2 Kh7 34. Kg1 Bc6 35. Kh2 Qb7 36. Nef1 Bd7 37. Ne3 Be6 38. Qf3 Qd7 39. Ndf1 Kg7 40. Nd5 Bxd5 41. exd5 f5 42. Ne3 e4 43. Qd1 Bxe3 44. fxe3 Nd3 45. Bxd3 exd3 46. Qf3 d2 47. Kg2 Kf6 0-1

[Event "Andorra op 35th"]
[Site "Escaldes"]
[Date "2017.07.29"]
[Round "8"]
[White "Arjun, Kalyan"]
[Black "Planas Gene, Juan"]
[Result "1-0"]
[WhiteElo "2347"]
[BlackElo "2023"]
[PlyCount "59"]
[EventDate "2017.07.22"]
[EventType "swiss"]
[EventRounds "9"]
[EventCountry "AND"]
[SourceTitle "CBM 179 Extra"]
[Source "ChessBase"]
[SourceDate "2017.08.23"]
[SourceVersion "1"]
[SourceVersionDate "2017.08.23"]
[SourceQuality "1"]

1. e4 e5 2. Nf3 Nf6 3. Nxe5 d6 4. Nf3 Nxe4 5. d4 d5 6. Bd3 Bd6 7. 0-0 0-0 8. c4 c6 9. Re1 Bf5 10. Qb3 Na6 11. cxd5 cxd5 12. Nc3 Be6 13. a3 Rb8 14. Qc2 f5 15. Ne5 Rc8 16. f3 Bxe5 17. dxe5 Nxc3 18. bxc3 d4 19. Bb2 dxc3 20. Bxc3 Nc5 21. Bf1 Nb3 22. Rab1 Qb6+ 23. Kh1 Rf7 24. Red1 Rfc7 25. Rd3 Rc6 26. f4 Qc7 27. Rxb3 Qf7 28. Rb1 Bc4 29. Re3 Bd5 30. Rc1 1-0

[Event "Calvia Amateur op 13th"]
[Site "Calvia"]
[Date "2016.10.13"]
[Round "6"]
[White "Planas Gene, Juan"]
[Black "Hristodorescu, Daniel"]
[Result "0-1"]
[WhiteElo "2028"]
[BlackElo "2229"]
[PlyCount "84"]
[EventDate "2016.10.08"]
[EventType "swiss"]
[EventRounds "9"]
[EventCountry "ESP"]
[SourceTitle "CBM 175 Extra"]
[Source "ChessBase"]
[SourceDate "2016.12.12"]
[SourceVersion "1"]
[SourceVersionDate "2016.12.12"]
[SourceQuality "1"]

1. d4 Nf6 2. c4 c5 3. d5 e5 4. Nc3 d6 5. e4 Be7 6. g3 0-0 7. Bg2 Nbd7 8. Nge2 Ne8 9. 0-0 g6 10. Be3 Ng7 11. a3 f5 12. exf5 Nxf5 13. Bd2 a6 14. Qc2 Rb8 15. Nd1 b5 16. b4 Bf6 17. Rb1 bxc4 18. Qxc4 a5 19. Ndc3 axb4 20. axb4 Nb6 21. Qb3 Nd4 22. Qd1 c4 23. Ne4 Bb7 24. Nxf6+ Qxf6 25. Be3 Nxe2+ 26. Qxe2 Nxd5 27. Qxc4 Qf7 28. Bh6 Rfc8 29. Qb3 Nc3 30. Qxf7+ Kxf7 31. Bxb7 Rxb7 32. Rb3 Ke6 33. Kg2 Nb5 34. Be3 Rc2 35. Rfb1 d5 36. Bc5 d4 37. R1b2 Rxb2 38. Rxb2 Kd5 39. f3 Kc4 40. Kf2 Kc3 41. Re2 d3 42. Rxe5 d2 0-1

[Event "Mallorca-chT Preferente"]
[Site "Mallorca"]
[Date "2016.03.17"]
[Round "8.4"]
[White "Planas Gene, Juan"]
[Black "Caliz Morales, Felipe"]
[Result "0-1"]
[WhiteElo "2006"]
[BlackElo "1769"]
[PlyCount "60"]
[EventDate "2016.03.01"]
[EventType "team-tourn"]
[EventRounds "9"]
[EventCountry "ESP"]
[SourceTitle "EXT 2024"]
[Source "ChessBase"]
[SourceDate "2023.10.10"]
[SourceVersion "1"]
[SourceVersionDate "2023.10.10"]
[SourceQuality "1"]
[WhiteTeam "Son Dameto"]
[BlackTeam "Algaida"]
[WhiteTeamCountry "ESP"]
[BlackTeamCountry "ESP"]

1. d4 Nf6 2. c4 c5 3. d5 b5 4. Nd2 bxc4 5. e4 d6 6. Bxc4 g6 7. b3 Bg7 8. Bb2 0-0 9. Ne2 Nbd7 10. Ng3 Nb6 11. Be2 a5 12. 0-0 Ba6 13. Bxa6 Rxa6 14. Qe2 Qa8 15. f4 Rb8 16. h4 a4 17. h5 Nxh5 18. Bxg7 Nxg3 19. Qd3 Nxf1 20. Rxf1 Kxg7 21. Qc3+ Kg8 22. f5 axb3 23. fxg6 fxg6 24. Qh3 Rf8 25. Qe6+ Kh8 26. Qxe7 Rxf1+ 27. Kxf1 Ra7 28. Qf6+ Kg8 29. Qe6+ Rf7+ 30. Ke2 bxa2 0-1

[Event "Mallorca-chT Preferente"]
[Site "Mallorca"]
[Date "2016.03.09"]
[Round "4.4"]
[White "Planas Gene, Juan"]
[Black "Penas Fuster, Jaime"]
[Result "1-0"]
[WhiteElo "2006"]
[BlackElo "2032"]
[PlyCount "49"]
[EventDate "2016.03.01"]
[EventType "team-tourn"]
[EventRounds "9"]
[EventCountry "ESP"]
[SourceTitle "EXT 2024"]
[Source "ChessBase"]
[SourceDate "2023.10.10"]
[SourceVersion "1"]
[SourceVersionDate "2023.10.10"]
[SourceQuality "1"]
[WhiteTeam "Son Dameto"]
[BlackTeam "Tropic"]
[WhiteTeamCountry "ESP"]
[BlackTeamCountry "ESP"]

1. d4 Nf6 2. c4 c5 3. d5 g6 4. Nc3 d6 5. e4 Bg7 6. f4 0-0 7. Be2 a6 8. a4 e6 9. Nf3 exd5 10. cxd5 Re8 11. Qd3 Nxe4 12. Nxe4 Bf5 13. Nfg5 Qe7 14. Bf3 h6 15. Ne6 fxe6 16. 0-0 e5 17. g4 Bc8 18. Ng3 exf4 19. Bxf4 Nd7 20. Qxg6 Ne5 21. Bxe5 Qxe5 22. Be4 Qd4+ 23. Kg2 Rxe4 24. Nxe4 Qxd5 25. Rad1 1-0

[Event "Palmanova Blau Escacs op 1st"]
[Site "Palmanova"]
[Date "2015.04.15"]
[Round "5"]
[White "Cemborain Oricain, Alfonso"]
[Black "Planas Gene, Juan"]
[Result "0-1"]
[WhiteElo "1892"]
[BlackElo "2047"]
[PlyCount "95"]
[EventDate "2015.04.11"]
[EventType "swiss"]
[EventRounds "9"]
[EventCountry "ESP"]
[SourceTitle "CBM 166 Extra"]
[Source "ChessBase"]
[SourceDate "2015.06.18"]
[SourceVersion "1"]
[SourceVersionDate "2015.06.18"]
[SourceQuality "1"]

1. e4 e5 2. Nf3 Nf6 3. Nc3 Nc6 4. d4 exd4 5. Nxd4 Nxe4 6. Nxe4 Qe7 7. Nb5 Qxe4+ 8. Be2 Nb4 9. 0-0 Qc6 10. Bf4 d6 11. a4 a6 12. Bf3 Qd7 13. Qe1+ Be7 14. Qxb4 axb5 15. axb5 Rxa1 16. Rxa1 0-0 17. Qc4 Bf6 18. c3 Re8 19. h3 Qe7 20. Bd2 Be6 21. Qd3 d5 22. Ra7 Qd6 23. Rxb7 Ra8 24. g3 Bc8 25. Qxd5 Qxd5 26. Bxd5 Bxb7 27. Bxb7 Ra2 28. Bf4 Rxb2 29. c4 Bd4 30. Bxc7 Bxf2+ 31. Kf1 Bc5 32. Bd5 Kf8 33. Ke1 f6 34. Kd1 Ke7 35. Kc1 Ba3 36. Kd1 Bd6 37. Bxd6+ Kxd6 38. Ke1 g5 39. Bf3 Kc5 40. Be2 Kd4 41. Kf2 f5 42. Kf3 h5 43. Kf2 Rc2 44. Kf3 g4+ 45. hxg4 fxg4+ 46. Kf2 Rb2 47. Ke1 Ke3 48. c5 0-1

[Event "Palmanova Blau Escacs op 1st"]
[Site "Palmanova"]
[Date "2015.04.12"]
[Round "2"]
[White "Kernazhitsky, Leonid"]
[Black "Planas Gene, Juan"]
[Result "1/2-1/2"]
[WhiteElo "2278"]
[BlackElo "2047"]
[PlyCount "88"]
[EventDate "2015.04.11"]
[EventType "swiss"]
[EventRounds "9"]
[EventCountry "ESP"]
[SourceTitle "CBM 166 Extra"]
[Source "ChessBase"]
[SourceDate "2015.06.18"]
[SourceVersion "1"]
[SourceVersionDate "2015.06.18"]
[SourceQuality "1"]

1. e4 e5 2. Nf3 Nf6 3. Nxe5 d6 4. Nf3 Nxe4 5. Nc3 Nxc3 6. dxc3 Be7 7. Be3 Nc6 8. Qd2 Be6 9. 0-0-0 Bxa2 10. b3 a5 11. Kb2 a4 12. Ra1 axb3 13. cxb3 Bxb3 14. Rxa8 Qxa8 15. Kxb3 Qa1 16. Qb2 Qd1+ 17. Qc2 Na5+ 18. Kb2 Nc4+ 19. Bxc4 Qxh1 20. Qa4+ c6 21. Qa8+ Bd8 22. Bg5 0-0 23. Bxd8 d5 24. Bd3 Qxg2 25. Nd2 Qxf2 26. Kc2 c5 27. Qa5 c4 28. Bf1 Qf5+ 29. Kc1 Re8 30. Bh4 g5 31. Bg3 h5 32. Bxc4 h4 33. Bd6 Re1+ 34. Kb2 Rd1 35. Bb3 Rxd2+ 36. Ka3 Qd7 37. Qa8+ Kh7 38. Qf8 Qe6 39. Qd8 Qe3 40. Qf6 Qe6 41. Qd8 Qe3 42. Qf6 Qa7+ 43. Kb4 Qb6+ 44. Ka4 Qa6+ 1/2-1/2

[Event "Seville op 40th"]
[Site "Seville"]
[Date "2015.01.28"]
[Round "5"]
[White "Castillo Gomez, Jesus"]
[Black "Planas Gene, Juan"]
[Result "1/2-1/2"]
[WhiteElo "1974"]
[BlackElo "2053"]
[PlyCount "101"]
[EventDate "2015.01.25"]
[EventType "swiss"]
[EventRounds "9"]
[EventCountry "ESP"]
[SourceTitle "CBM 164 Extra"]
[Source "ChessBase"]
[SourceDate "2015.03.02"]
[SourceVersion "1"]
[SourceVersionDate "2015.03.02"]
[SourceQuality "1"]

1. d4 Nf6 2. c4 e6 3. Nf3 b6 4. e3 Bb7 5. Bd3 Bb4+ 6. Bd2 Bxd2+ 7. Nbxd2 0-0 8. Rc1 d6 9. Bb1 Nbd7 10. 0-0 Qe7 11. Re1 e5 12. Ng5 h6 13. Nge4 Nxe4 14. Bxe4 Bxe4 15. Nxe4 f5 16. Nc3 c6 17. b4 Nf6 18. Re2 Rad8 19. d5 c5 20. bxc5 bxc5 21. Rb1 e4 22. h3 Nd7 23. Reb2 Ne5 24. Rb7 Rd7 25. Rxd7 Qxd7 26. Qb3 Qe7 27. Ne2 Qg5 28. Ng3 h5 29. Qd1 h4 30. Qh5 Qxh5 31. Nxh5 Nxc4 32. Rb7 Rf7 33. Rb8+ Kh7 34. Nf4 Nb6 35. Ne6 Re7 36. Nf8+ Kh6 37. Rd8 Nxd5 38. Rxd6+ Nf6 39. Rc6 c4 40. Ne6 Rb7 41. Rxc4 Rb1+ 42. Kh2 Rb2 43. Ra4 Rxf2 44. Kg1 Re2 45. Nd4 Rd2 46. Nxf5+ Kg5 47. Ne7 Nh5 48. Ra5+ Kf6 49. Ng8+ Kg6 50. Ne7+ Kf6 51. Ng8+ 1/2-1/2